| 000 | 00449nam a2200181Ia 4500 | ||
|---|---|---|---|
| 005 | 20250423100945.0 | ||
| 008 | 250422s9999 xx 000 0 und d | ||
| 020 | _a9788188458080 | ||
| 050 | _aTA 710 .N318/ | ||
| 100 | _aUpadhyay, A K. | ||
| 245 | 0 | _aSoil and foundation engineering | |
| 260 | _aDarya ganj | ||
| 260 | _bS.K. kataria & sons | ||
| 260 | _c2014 | ||
| 300 | _a298 p | ||
| 650 | _aComputer crimes--Investigation. | ||
| 942 | _cBK | ||
| 999 |
_c34857 _d34857 |
||